| 000 | 01699nac a22003491i 4500 | ||
|---|---|---|---|
| 003 | EG-ScBUE | ||
| 005 | 20240103125349.0 | ||
| 008 | 120904s2006 ua a f b 001 0 ara d | ||
| 017 | _a2006 / 3476 | ||
| 020 | _a9771804367 | ||
| 040 |
_aEG-ScBUE _bara _erda _cEG-ScBUE _dEG-ScBUE |
||
| 043 | _af-ua--- | ||
| 082 | 0 | 4 |
_a962 _bع ل ي _222 |
| 100 | 0 |
_aعلي مبارك، _cباشا، _d1239-1311 هـ.، _eمؤلف. |
|
| 245 | 1 | 0 |
_aكتاب نخبة الفكر في تدبير نيل مصر / _cتأليف الأمير الجليل سعادة علي مبارك باشا ناظر الأشغال العمومية ؛ دراسة وتحقيق د. لطيفة محمد سالم، د. حسام محمد عبد المعطي، حنان محمود عزوز ؛ تقديم د. يونان لبيب رزق. |
| 246 | 3 | 0 | _aنخبة الفكر في تدبير نيل مصر |
| 264 | 1 |
_aالقاهرة : _bدار الكتب والوثائق القومية، _c2006. |
|
| 300 |
_a502 صفحة : _bإيضاحيات ؛ _c32 سم |
||
| 336 |
_2rdacontent _aنص _btxt |
||
| 337 |
_aبدون وسيط _2rdamedia _bn |
||
| 338 |
_aمجلد _bnc _2rdacarrier |
||
| 504 | _aيشتمل على إرجاعات ببليوجرافية وكشافات. | ||
| 650 | 7 |
_aنهر النيل. _2BUEsh _923856 |
|
| 650 | 7 |
_aالزراعة _zمصر. _2BUEsh _922117 |
|
| 651 | 7 |
_922394 _aمصر _xتاريخ. _2BUEsh |
|
| 655 | _vReading book | ||
| 700 | 1 |
_aسالم، لطيفة محمد، _d1942- _eمحقق. |
|
| 700 | 1 |
_aعبد المعطي، حسام محمد، _eمحقق. |
|
| 700 | 1 |
_aعزوز، حنان محمود، _eمحقق. |
|
| 700 | 1 |
_aرزق، يونان لبيب، _d1933-2008، _eمقدم. |
|
| 942 |
_cBB _2ddc |
||
| 999 |
_c8204 _d8204 |
||